[Event "BIH-chT 14th"]
[Site "Prijedor"]
[Date "2015.09.05"]
[Round "1.4"]
[White "Markovic, Dino"]
[Black "Bogut, Zeljko"]
[Result "0-1"]
[WhiteElo "1961"]
[BlackElo "2439"]
[PlyCount "124"]
[EventDate "2015.09.05"]
[EventType "team-tourn"]
[EventRounds "9"]
[EventCountry "BIH"]
[SourceTitle "EXT 2016"]
[Source "ChessBase"]
[SourceDate "2015.10.08"]
[SourceVersion "1"]
[SourceVersionDate "2015.10.08"]
[SourceQuality "1"]
[WhiteTeam "Zenica Celik"]
[BlackTeam "Siroki Brijeg"]
[WhiteTeamCountry "BIH"]
[BlackTeamCountry "BIH"]

1. d4 Nf6 2. c4 c5 3. d5 e6 4. Nc3 exd5 5. cxd5 d6 6. e4 g6 7. Nf3 Bg7 8. Bd3 Bg4 9. 0-0 0-0 10. h3 Bxf3 11. Qxf3 a6 12. a4 Nbd7 13. Bf4 Qb6 14. a5 Qxb2 15. Na4 Qd4 16. Bxd6 Rfe8 17. Rfe1 c4 18. Bc2 Qd2 19. Qd1 Qxa5 20. e5 Nh5 21. Nc5 Qd8 22. Nxb7 Qg5 23. Qg4 Qd2 24. Qxd7 Qxc2 25. Rac1 Qb2 26. Rxc4 Nf6 27. Qc6 Qb5 28. Qxb5 axb5 29. Rc5 Ra7 30. Rxb5 Nxd5 31. Rxd5 Rxb7 32. Rd2 h5 33. Rde2 Rb5 34. Re4 Rd5 35. R4e2 Bh6 36. Bc7 Re7 37. Bd6 Re6 38. Bc7 Bg5 39. Bd6 Bd8 40. Rc1 Rdxd6 41. exd6 Rxe2 42. Rc8 Re8 43. d7 Rf8 44. g4 hxg4 45. hxg4 f6 46. f4 Kf7 47. Kg2 Ke7 48. Kf3 Kxd7 49. Rc1 Bc7 50. Rh1 Rf7 51. Rh6 Rg7 52. Ke4 Ke7 53. f5 g5 54. Kd5 Be5 55. Rh1 Kd7 56. Rb1 Rh7 57. Rb7+ Bc7 58. Ra7 Rh2 59. Ra6 Rd2+ 60. Ke4 Rd6 61. Ra1 Rb6 62. Rh1 Be5 0-1